[Event "NED-ch U16"]
[Site "Almelo"]
[Date "2022.05.07"]
[Round "7"]
[White "Blom, Rens"]
[Black "De Rooij, Kevin"]
[Result "1-0"]
[WhiteElo "1699"]
[BlackElo "1584"]
[PlyCount "55"]
[EventDate "2022.05.01"]
[EventType "swiss"]
[EventRounds "9"]
[EventCountry "NED"]
[SourceTitle "EXT 2023"]
[Source "ChessBase"]
[SourceDate "2022.10.05"]
[SourceVersion "1"]
[SourceVersionDate "2022.10.05"]
[SourceQuality "1"]

1. c4 e5 2. Nc3 Nf6 3. Nf3 Nc6 4. e4 Bc5 5. Nxe5 Nxe5 6. d4 Bb4 7. dxe5 Nxe4 8. Qd4 Nxc3 9. bxc3 Be7 10. Qg4 g6 11. Qg3 d6 12. Ba3 dxe5 13. Qxe5 f6 14. Qe3 Kf7 15. Rd1 Bd7 16. c5 Re8 17. Bc4+ Kg7 18. 0-0 Qc8 19. c6 Bxc6 20. Bxe7 Bxg2 21. Bxf6+ Kxf6 22. Qf4+ Kg7 23. Kxg2 Rf8 24. Qe5+ Kh6 25. Rd3 Rf5 26. Rh3+ Rh5 27. Rxh5+ gxh5 28. Qf6# 1-0

[Event "NED-ch U16"]
[Site "Almelo"]
[Date "2022.05.05"]
[Round "5"]
[White "Aarts, Joaquin"]
[Black "De Rooij, Kevin"]
[Result "1/2-1/2"]
[WhiteElo "1631"]
[BlackElo "1584"]
[PlyCount "84"]
[EventDate "2022.05.01"]
[EventType "swiss"]
[EventRounds "9"]
[EventCountry "NED"]
[SourceTitle "EXT 2023"]
[Source "ChessBase"]
[SourceDate "2022.10.05"]
[SourceVersion "1"]
[SourceVersionDate "2022.10.05"]
[SourceQuality "1"]

1. d4 d5 2. Bf4 c5 3. e3 cxd4 4. exd4 Nc6 5. c3 Nf6 6. Bd3 Bg4 7. Qb3 Qb6 8. h3 Bd7 9. Nd2 Qxb3 10. axb3 e6 11. Ngf3 Be7 12. 0-0 0-0 13. Ra2 Rfd8 14. Rfa1 a6 15. b4 Na7 16. Bxa6 bxa6 17. Rxa6 Nh5 18. Bh2 Bb5 19. Rxa7 Rxa7 20. Rxa7 Kf8 21. Rb7 Ba6 22. Rb8 Bc8 23. Ne5 Bd6 24. Ng6+ fxg6 25. Bxd6+ Rxd6 26. Rxc8+ Ke7 27. Ra8 Nf4 28. Kf1 Rc6 29. g3 Nd3 30. Ke2 Nxb2 31. Ra2 Nc4 32. Nxc4 Rxc4 33. Kd3 Rc7 34. f4 Kd6 35. Ra6+ Kd7 36. b5 h6 37. b6 Rb7 38. Ra7 Kc6 39. Rxb7 Kxb7 40. c4 dxc4+ 41. Kxc4 Kxb6 42. d5 Kc7 1/2-1/2

[Event "NED-ch U14 op"]
[Site "Borne"]
[Date "2019.08.09"]
[Round "8"]
[White "De Rooij, Kevin"]
[Black "Den Heijer, Rolinde"]
[Result "1-0"]
[WhiteElo "1480"]
[BlackElo "1471"]
[PlyCount "105"]
[EventDate "2019.08.05"]
[EventType "swiss"]
[EventRounds "9"]
[EventCountry "NED"]
[SourceTitle "EXT 2020"]
[Source "ChessBase"]
[SourceDate "2019.10.17"]
[SourceVersion "1"]
[SourceVersionDate "2019.10.17"]
[SourceQuality "1"]

1. d4 Nf6 2. c4 e6 3. Nc3 b6 4. Nf3 Bb7 5. Bg5 Be7 6. e3 0-0 7. Bd3 h6 8. Bh4 d6 9. b4 a6 10. Rb1 Nbd7 11. 0-0 Rb8 12. Bg3 Rc8 13. b5 c6 14. a4 Nh5 15. Re1 Nxg3 16. hxg3 Bf6 17. Qd2 e5 18. Bf5 Ra8 19. Bxd7 exd4 20. Nxd4 Qxd7 21. bxc6 Bxc6 22. Rxb6 Bxa4 23. Ra1 Bxd4 24. Qxd4 Bc6 25. Raxa6 Rxa6 26. Rxa6 Qb7 27. Rb6 Qa8 28. Nd5 Bb7 29. Rxd6 Kh7 30. Rd7 Qa6 31. Kh2 Bc8 32. Ra7 Qc6 33. Ne7 Qe6 34. Nxc8 Rxc8 35. Qd5 Rxc4 36. Qd3+ g6 37. Ra8 Rc8 38. Rxc8 Qxc8 39. Qd5 Kg7 40. Qe5+ Kh7 41. Qf6 Qd7 42. e4 Kg8 43. f4 Kh7 44. f5 gxf5 45. Qxf5+ Qxf5 46. exf5 Kg7 47. g4 Kf6 48. Kh3 Kg5 49. Kg3 f6 50. Kf3 Kh4 51. Kf4 h5 52. g3+ Kh3 53. gxh5 1-0